[Event "EU-Cup 13th Group6"]
[Site "Heraklion"]
[Date "1997.10.12"]
[Round "3"]
[White "Porfiriadis, Sotirios"]
[Black "Onischuk, Alexander"]
[Result "0-1"]
[WhiteElo "2340"]
[BlackElo "2625"]
[Annotator "Tyomkin,D"]
[PlyCount "78"]
[EventDate "1997.10.10"]
[EventType "team-k.o."]
[EventRounds "3"]
[EventCountry "GRE"]
[SourceTitle "EXT 2020"]
[Source "ChessBase"]
[SourceDate "2019.10.17"]
[SourceVersion "1"]
[SourceVersionDate "2019.10.17"]
[SourceQuality "1"]
[WhiteTeam "Heraklion"]
[BlackTeam "Azov Ladya"]
[WhiteTeamCountry "GRE"]
[BlackTeamCountry "RUS"]

1. d4 f5 2. Nf3 Nf6 3. g3 g6 4. Bg2 Bg7 5. O-O O-O 6. c4 d6 7. Nc3 Na6 8. Rb1
c6 9. b4 Ne4 10. Nxe4 (10. Qb3 $146 {Tyomkin,D} Nxc3 11. Qxc3 Qe8 12. Bb2 h6
13. Qd2 $14 Bd7 $6 (13... e5 $5 14. dxe5 dxe5 15. b5 Nb8 $5 (15... cxb5 16.
Qd5+ (16. Bxe5 $2 Bxe5 17. Qd5+ Be6 18. Qxe5 Bxc4) 16... Qe6 (16... Rf7 17.
Bxe5 bxc4 18. Bxg7 Kxg7 19. Qxc4 $16) 17. Nxe5 Qxd5 18. cxd5 $16) (15... Nc5
16. bxc6 bxc6 17. Qa5 $14) 16. Qd6 e4 17. Nh4 g5 18. Ng6 Rf7 19. Bxg7 Rxg7 20.
Ne5 Kh7 (20... Re7 21. bxc6 $1 bxc6 22. Rxb8 Rxb8 23. Nxc6 Re6 24. Qxb8 $16)
21. f4 $14) 14. d5 {()} c5 (14... Nc7 15. Bxg7 Kxg7 16. e4 fxe4 17. Qd4+ Kh7
18. Nd2 cxd5 19. cxd5 Nb5 (19... Qf7 20. Nxe4 Nxd5 21. Nxd6 exd6 22. Bxd5 $16)
20. Qe3 Rc8 21. Nxe4 $14) 15. Bxg7 Kxg7 16. b5 Nc7 17. e4 fxe4 18. Qc3+ Kh7 19.
Nd2 Qf7 20. Rbe1 Qg7 21. Nxe4 b6 (21... Qxc3 22. Nxc3 Rf7 23. Re3 $14 {()}) 22.
a4 a6 23. Qb3 axb5 24. cxb5 Ra7 25. Re3 $1 {<->e} e6 26. Nxd6 Nxd5 (26... exd5
$2 {Tyomkin,D} 27. Rfe1 Qd4 28. Re7+ Kg8 29. Qc2 Bf5 30. Nxf5 Rxf5 (30... gxf5
31. Rd7) 31. Rd7 $18) 27. Rd3 $16 {Alterman,B-Nikolic,P/EU-chTM 1997/1-0 (29)}
(27. Bxd5 $6 exd5 28. Qxd5 Rxa4 $132)) (10. Bb2 {Tyomkin,D} Be6 11. Qb3 $2 (11.
b5 Nc7 12. bxc6 bxc6 13. Qa4 Rb8 14. Ba1 $14) 11... b5 12. Nxe4 Bxc4 13. Qe3
fxe4 14. Qxe4 Nxb4 15. Bh3 Kh8 $17 {Kramnik Vladimir-Ivanchuk Vassily/It
"Melody Amber" (blindfold), Monaco 1995/1/2-1/2 (51)}) 10... fxe4 11. Ng5 (11.
Nd2 $1 {Tyomkin,D} d5 (11... Bxd4 12. Nxe4 Bg7 13. b5 $16) 12. b5 Nc7 13. e3
Ne6 (13... Bf5 14. bxc6 bxc6 15. Ba3 $16 {Beliavsky,A-Nikolic,P/Polanica Zdroj
1996 (37)/1-0}) 14. bxc6 bxc6 15. Qa4 Ng5 16. Qxc6 Nh3+ 17. Kh1 (17. Bxh3 Bxh3
18. Ba3 $1 Bxf1 19. Kxf1 dxc4 (19... Rf6 $6 20. Qxd5+ Qxd5 21. cxd5 Rb6 22. Rc1
$16) 20. Qxc4+ (20. Qe6+ $2 Rf7 21. Nxe4 Qc8) 20... Kh8 21. Nxe4 Qd7 $13) 17...
Bg4 18. f4 e6 (18... exf3 19. Nxf3 dxc4 20. Qxc4+ $18) 19. Rb7 Rf7 20. Rxf7
Kxf7 21. cxd5 Rc8 22. dxe6+ Bxe6 23. Qa4 {1-0 Roeder,M-Beim,V/Open 1996}) 11...
d5 12. cxd5 cxd5 13. Nh3 $2 $146 {The white's main idea in this position is to
attack e4-point byf2-f3.Black should lose the time for h7-h6 to move this
knight.} (13. Qb3 $142 {Tyomkin,D} Kh8 (13... Bxd4 $5 14. Nxe4 e6 15. b5 $1 $13
) 14. Be3 Nc7 15. f3 h6 16. Nh3 exf3 17. exf3 g5 18. Rbc1 $6 (18. a4 $5 Bf5 19.
Rbc1) 18... Nb5 19. Rcd1 (19. Qd3 $6 Qb6 (19... Nd6) 20. Rc5 Nd6) 19... Qb6 20.
Kh1 Be6 21. Rfe1 Rac8 22. a4 Nd6 23. Bg1 Nf5 24. f4 g4 25. Nf2 Nxd4 26. Qe3 Bf5
27. Nxg4 Nc2 28. Qxe7 Qd8 29. Nf2 Nxe1 30. Qxe1 Re8 31. Qf1 {1/2-1/2 Hansen,
C-Vasiukov,E/Graested 1990}) 13... Nc7 14. a4 (14. Be3 Nb5 15. Rc1 Nd6) 14...
Bf5 15. Be3 Ne8 $1 16. Rc1 Qd7 17. Nf4 Nf6 $15 18. h4 h6 19. Bh1 Rac8 20. Qb3
e6 21. f3 g5 22. hxg5 hxg5 23. Ng2 exf3 24. exf3 g4 25. Nf4 (25. Nh4 Bh7 $17)
25... Rxc1 26. Rxc1 Rc8 27. Rxc8+ Qxc8 28. Nd3 $2 (28. Kf2) (28. a5) 28... gxf3
(28... Qc4 $5 29. Qxc4 dxc4 30. Ne5 $8 (30. Nc5 $2 b6 31. Nb7 Nd5 $19) 30... c3
(30... Nd5 $6 31. fxg4 (31. Nxc4 Bd3 32. Nb2)) 31. fxg4 Nxg4 32. Nxg4 Bxg4 33.
Kf2 $1 {white has good drawing chances} (33. Bxb7 c2 34. Kg2 Kh7) (33. Be4 Bf5
34. Bxf5 exf5 35. d5 c2 36. Bc1 Kh7 $19) 33... c2 34. Be4 Bd1 (34... Bxd4 $140
$2 35. Bxc2) (34... Bf5 35. Kf3 Kf7 36. g4 Bg6 37. Bxb7 Bxd4 38. Bc1) 35. Ke1 (
35. Kg2) 35... Bf8 36. b5) 29. Bxf3 Ng4 30. Bxg4 Bxg4 {^^} 31. Ne5 Bf5 32. Qd1
Qc3 33. Bf2 $2 (33. Qd2 $142 Qb3 $1 (33... Qa1+ 34. Qc1 Qxa4 35. Qc8+ Kh7 36.
Qxb7 Qd1+ 37. Kf2 Bh3 (37... Qc2+ 38. Ke1) 38. Qa6)) 33... Be4 (33... Qxb4 $2
34. Qh5) 34. Kh2 Qb2 35. Qe1 Bh6 36. Ng4 Bg5 37. Kg1 Kg7 38. b5 b6 39. Qd1 Qc2
$138 {I guess white lost on time in this position} (39... Qc2 40. Qf1 (40. Qxc2
Bxc2 41. Ne5 Bxa4 42. Nc6 Bxb5 43. Nxa7 Bd7) (40. Qa1 Bc1 $1) 40... Qxa4 41.
Ne5 Qa3 $1 42. Qe2 Qc3 $19) 0-1

[Event "EU-chT (Men) 18th"]
[Site "Porto Carras"]
[Date "2011.11.11"]
[Round "9.2"]
[White "Laznicka, Viktor"]
[Black "Van Wely, Loek"]
[Result "1/2-1/2"]
[WhiteElo "2703"]
[BlackElo "2686"]
[Annotator "Van Wely,L"]
[PlyCount "71"]
[EventDate "2011.11.03"]
[EventType "team-swiss"]
[EventRounds "9"]
[EventCountry "GRE"]
[SourceTitle "CBM 146"]
[Source "ChessBase"]
[SourceDate "2012.01.18"]
[SourceVersion "1"]
[SourceVersionDate "2012.01.18"]
[SourceQuality "1"]
[WhiteTeam "Czech Republic"]
[BlackTeam "Netherlands"]
[WhiteTeamCountry "CZE"]
[BlackTeamCountry "NED"]

1. d4 f5 $5 {Let's open the coffee house! For some reason on the occasion I
felt thee inspiration to play something creative but also something dubious,
like in the good old days when the engines were not killing your moves and
keeping you on a tight leash. But I must admit my choice of opening had also
to do with Viktor Laznicka's openings repertoire. For some reason oer another
I didn't really like my other options and this seemed to be like a good choice
to get some unbalanced postions. The last time I played Viktor was in the
World Open in Philadelphia when I was in a must win situation, and then my
choice was the Benoni, also an interesting choice. But ok, in team events
things are a bit different, since your team mates might not appreciate your
kamikaze moves...} 2. g3 Nf6 3. Bg2 g6 4. Nf3 Bg7 5. O-O O-O 6. c4 {And here
we go! Of course I had paid too little attention to what would happen if
Viktor were to deviate from his normal repertoire and so from now on I was
more or less on my own...} ({I had been expecting} 6. b3 {but after} d6 7. Bb2
Ne4 8. Nbd2 Nc6 {Black has an easy game}) 6... d6 7. Nc3 Qe8 8. d5 h6 $5 {
Not the main move, but who cares :) Black's intention is clear, ...g5, ...Qh5
and somewhere mate!} (8... Na6) 9. Qc2 {I don't like this move.} (9. Re1 {
to push e4 or}) (9. Nd4 {seemed to me more useful.}) 9... Na6 10. Rb1 e5 ({
Of course I would have loved to play} 10... g5 {but somehow I couldn't see how
to hold my kingside wing after} 11. h4 $3 g4 (11... gxh4 12. Nxh4 Qh5 13. e3 {
followed by Ne2-f4 and Black's party on the kingside is over}) 12. Ne1 $1 {
and Black will get blocked on f4.} (12. Nd4 $2 Nh5 13. e3 f4)) 11. dxe6 Bxe6
12. Nd2 {This is a concession of course, the knight belongs on d4, but White
had to be fast to shut down Black's knight on a6 with b4.} c6 13. b4 Rc8 14.
Ba3 Nd7 {Black is preparing himself against b5.} 15. Rfd1 Qe7 {But in fact
also threatening this push himself. After the game Viktor was not very happy
with his play, but his mood cheered up a bit when he realised things were far
from simple, especially when I sold him a few times this b5 idea. At first
sight it looks anti-positional, but it puts pressure on c4, and after a
consequent ...cxb5 the c-file is opened for Black's rook on c8 and apart from
that White's bishop on a3 has just become a spectator.} 16. b5 Nac5 17. bxc6
bxc6 18. Nb3 f4 $5 {Counterplay!} 19. Nd4 {Possibly an oversight, but in fact
it's an interesting exchange sacrifice.} (19. Qxg6 {leads to a dangerous
initiative for Black} Ne5 $1 (19... Rf6 20. Qc2 Bf5 21. Qd2 Bxb1 22. Rxb1 $13)
(19... Bf5 $2 20. Qxd6 Qxd6 21. Rxd6 Bxc3 22. Nxc5 Bxb1 (22... Nxc5 23. Rc1 Na4
24. g4 Bh7 25. Bxc6 $16) 23. Nxd7 $14) 20. Qc2 Bf5 21. Ne4 fxg3 22. hxg3 Ng4
23. Nbxc5 dxc5) 19... Bxd4 $1 {Of course Black has give up his beautiful
dark-squared bishop, but on the other hand he is taking out an equally
beautiful white knight, not to mention winning the exchange as a bonus.} 20.
Rxd4 Bf5 21. Qd2 Bxb1 22. Nxb1 {But now Black needs to be quick, because if
White gets organised, the weaknesses on c6, d6, f4 (dark squares) will start
to make themeselves felt, whereas White has no real weaknesses. No it's time
to use the momentum!} fxg3 23. hxg3 Qf7 24. Rf4 (24. f3 {is the suggestion of
my engine, but I am pretty sure none of us considered this move during the
game.}) 24... Qe6 25. Rxf8+ $2 {A big success for Black, effectively speaking
he has managed to trade his passive rook on c8 for this monster on d4.} ({
Therefore} 25. Rd4 {was called for, and I am not sure if I would have pushed
for more.}) 25... Rxf8 26. Nc3 Ne5 27. Qxh6 Ng4 (27... Rxf2 28. Bxc6 {draws
immediately.} (28. Bxc5 dxc5 (28... Ng4 $5 29. Qd2 dxc5 30. Bf3 {looked too
complicated to me :)}) 29. Bh3 Qf6 30. Ne4 Qf8 31. Be6+)) 28. Qg5 (28. Qd2 {
was called for, but it was hard to forsee why this move was wrong though.})
28... Nxf2 (28... Rxf2 $3 29. Bh3 Rf3 $3 30. Kg2 Ne4 $3 {Shame on me, I didn't
find this in time trouble :); I am not sure though whether I would have found
it anyway...}) 29. Bxc5 dxc5 30. Qxc5 Qf6 31. Qxc6 $1 (31. Bxc6 $2 {was the
move I was hoping for} Nd3 $3 (31... Ng4 {was my original intention, but now
that I see that my engine suggests ...Nd3, I think I like that one better :)}))
31... Qxc3 {I decided to call it the day, Stellwagen had already won, it was
about time to secure the match victory.} 32. Qxg6+ Qg7 33. Bd5+ Kh8 34. Qh5+
Qh7 35. Qe5+ Qg7 36. Qh5+ 1/2-1/2

[Event "DDR-ch 36th"]
[Site "Glauchau"]
[Date "1987.02.??"]
[Round "12"]
[White "Vogt, Lothar"]
[Black "Casper, Thomas"]
[Result "1-0"]
[WhiteElo "2490"]
[BlackElo "2430"]
[Annotator "Vogt,L"]
[PlyCount "87"]
[EventDate "1987.02.05"]
[EventType "tourn"]
[EventRounds "13"]
[EventCountry "DDR"]
[EventCategory "6"]
[SourceTitle "EXT 2003"]
[Source "ChessBase"]
[SourceDate "2002.11.25"]
[SourceVersion "1"]
[SourceVersionDate "2002.11.25"]
[SourceQuality "1"]

1. Nf3 f5 2. d4 Nf6 3. g3 g6 4. Bg2 Bg7 5. O-O O-O 6. c4 d6 7. Nc3 Qe8 8. d5 (
8. Nd5 {- 43/(124)}) 8... Na6 9. Rb1 Bd7 10. b4 c6 (10... e5 {- 41/100}) 11.
Qd3 $5 (11. dxc6 bxc6 12. b5 Nc5 13. Nd4 Nfe4 $13) 11... Ne4 12. Nd1 (12. Nxe4
$4 fxe4 13. Qxe4 Bf5 $19) 12... Nc7 (12... c5 13. a3 $6 b5 $36) (12... Qf7 13.
Ng5 $14) 13. Bb2 (13. b5 $14) 13... Qf7 ({Taktisch geht es bei} 13... cxd5 {
so weiter:} 14. Bxg7 Kxg7 15. cxd5 Qf7 16. Ng5 $1 Qxd5 $4 17. Bxe4 fxe4 18.
Qc3+ {und Weiss gewinnt eine Figur.}) 14. Bxg7 Kxg7 15. dxc6 bxc6 (15... Bxc6
$2 16. Nd4 $16) 16. Ne3 Qf6 {Schwarz besetzt wieder die Diagonale a1-h8. Der
Läufer g7 fehlt ihm sehr.} 17. Nd2 Nxd2 (17... Nc3 $2 18. Rb3 Nxa2 19. Qc2 $18)
18. Qxd2 f4 19. Nc2 (19. gxf4 Ne6 $13) 19... Ne6 20. b5 Rac8 21. Nb4 Qd4 (21...
cxb5 22. cxb5 Bxb5 23. Nd5 Qd4 24. Rfd1 $16) 22. Rfd1 fxg3 $2 (22... c5 23. Qc2
Qe5 24. Nd3 Qf6 25. Nxf4 Nxf4 26. gxf4 Qxf4 27. e3 Qh4 28. f4 { a4-a5}) 23.
Qxd4+ Nxd4 24. Rxd4 gxf2+ 25. Kf1 c5 26. Re4 $18 cxb4 27. Rxe7+ Rf7 28. Rxf7+
Kxf7 29. Rxb4 Ke7 30. Kxf2 Be6 31. Bc6 Bd7 32. Bd5 Be6 33. Ra4 Rc7 34. Ke3 Bxd5
35. cxd5 Kf6 36. Kd4 g5 37. Ra6 Rd7 38. e4 g4 39. e5+ Ke7 40. e6 (40. exd6+ $18
) 40... Rb7 41. a4 h5 42. Rc6 h4 43. Ke3 Kf6 44. Rxd6 1-0